<?xml version="1.0" encoding="UTF-8"?>
<record
    xmlns:xsi="http://www.w3.org/2001/XMLSchema-instance"
    xsi:schemaLocation="http://www.loc.gov/MARC21/slim http://www.loc.gov/standards/marcxml/schema/MARC21slim.xsd"
    xmlns="http://www.loc.gov/MARC21/slim">

  <leader>01880nam a2200181 a 4500</leader>
  <controlfield tag="001">000044904</controlfield>
  <controlfield tag="005">20201002045723.0</controlfield>
  <controlfield tag="008">150119s1997    dr ab         000 0 spa d</controlfield>
  <datafield tag="020" ind1=" " ind2=" ">
    <subfield code="a">8482610074</subfield>
  </datafield>
  <datafield tag="040" ind1=" " ind2=" ">
    <subfield code="a">DO-SdBNP</subfield>
    <subfield code="b">spa</subfield>
    <subfield code="c">BNPHU</subfield>
  </datafield>
  <datafield tag="082" ind1=" " ind2=" ">
    <subfield code="a">xxxxxx</subfield>
    <subfield code="b">xxxxxx</subfield>
  </datafield>
  <datafield tag="245" ind1="0" ind2="0">
    <subfield code="a">Historia y geograf&#xED;a de Am&#xE9;rica Latina y del Caribe :</subfield>
    <subfield code="b">curso 2do primer ciclo. /</subfield>
    <subfield code="c">Roberto Cass&#xE1;...[et al.] ; direcci&#xF3;n editorial Obdulia Garc&#xED;a de Escobar.</subfield>
  </datafield>
  <datafield tag="260" ind1=" " ind2=" ">
    <subfield code="a">Santo Domingo :</subfield>
    <subfield code="b">Santillana,</subfield>
    <subfield code="c">1997.</subfield>
  </datafield>
  <datafield tag="300" ind1=" " ind2=" ">
    <subfield code="a">223 p. :</subfield>
    <subfield code="b">il., map. ;</subfield>
    <subfield code="c">27 cm.</subfield>
  </datafield>
  <datafield tag="500" ind1=" " ind2=" ">
    <subfield code="a">Libro de texto de educaci&#xF3;n media</subfield>
  </datafield>
  <datafield tag="500" ind1=" " ind2=" ">
    <subfield code="a">Este libro ha sido realizado de conformidad con el curr&#xED;culum vigente y ha sido sometido a la aprobaci&#xF3;n de la SEEBAC (Secretar&#xED;a de Estado de Educaci&#xF3;n Bellas Artes y Cultos).</subfield>
  </datafield>
  <datafield tag="505" ind1="0" ind2=" ">
    <subfield code="g">unidad 1 --</subfield>
    <subfield code="t">Los rasgos generales del medio f&#xED;sico y natural --</subfield>
    <subfield code="g">unidad 2 --</subfield>
    <subfield code="t">Las planicies centrales --</subfield>
    <subfield code="g">unidad 3 --</subfield>
    <subfield code="t">Geograf&#xED;a del Caribe insular y continental --</subfield>
    <subfield code="g">unidad 4 --</subfield>
    <subfield code="t">Poblamiento aborigen y civilizaciones de Am&#xE9;rica --</subfield>
    <subfield code="g">unidad 5 --</subfield>
    <subfield code="t">La formaci&#xF3;n de las sociedades del Caribe --</subfield>
    <subfield code="g">unidad 6 --</subfield>
    <subfield code="t">La sociedad colonial latinoamericana --</subfield>
    <subfield code="g">unidad 7 --</subfield>
    <subfield code="t">La decadencia del colonialismo en el Caribe --</subfield>
    <subfield code="g">unidad 8 --</subfield>
    <subfield code="t">La lucha por la independencia --</subfield>
    <subfield code="g">unidad 9 --</subfield>
    <subfield code="t">Inicios de la vida independiente --</subfield>
    <subfield code="g">unidad 10 --</subfield>
    <subfield code="t">Am&#xE9;rica Latina en el siglo XX --</subfield>
    <subfield code="g">unidad 11 --</subfield>
    <subfield code="t">Am&#xE9;rica Latina a principios del S. XX --</subfield>
    <subfield code="g">unidad 12 --</subfield>
    <subfield code="t">Las Antillas durante el siglo XX --</subfield>
    <subfield code="g">unidad 13 --</subfield>
    <subfield code="t">La nueva sociedad latinoamericana --</subfield>
    <subfield code="g">unidad 14 --</subfield>
    <subfield code="t">La integraci&#xF3;n de Am&#xE9;rica Latina --</subfield>
    <subfield code="g">unidad 15 --</subfield>
    <subfield code="t">El umbral del siglo XXI --</subfield>
    <subfield code="g">unidad 16 --</subfield>
    <subfield code="t">El transporte, la comunicaci&#xF3;n y el comercio --</subfield>
    <subfield code="g">unidad 17 --</subfield>
    <subfield code="t">El sector primario en Am&#xE9;rica Latina --</subfield>
    <subfield code="g">unidad 18 --</subfield>
    <subfield code="t">Industria y energ&#xED;a en Am&#xE9;rica Latina --</subfield>
    <subfield code="g">unidad 19 --</subfield>
    <subfield code="t">Am&#xE9;rica Latina: poblaci&#xF3;n y ciudades --</subfield>
    <subfield code="g">unidad 20 --</subfield>
    <subfield code="t">La Am&#xE9;rica anglosajona --</subfield>
  </datafield>
  <datafield tag="952" ind1=" " ind2=" ">
    <subfield code="0">0</subfield>
    <subfield code="1">0</subfield>
    <subfield code="7">1</subfield>
    <subfield code="8">PD</subfield>
    <subfield code="a">PD</subfield>
    <subfield code="b">PD</subfield>
    <subfield code="c">HD</subfield>
    <subfield code="d">2015-01-19</subfield>
    <subfield code="i">LF1</subfield>
    <subfield code="l">0</subfield>
    <subfield code="o">xxxxxx xxxxxx</subfield>
    <subfield code="p">44904-10</subfield>
    <subfield code="r">2020-06-25</subfield>
    <subfield code="w">2020-06-25</subfield>
    <subfield code="y">LFPD</subfield>
    <subfield code="Z">No se presta</subfield>
  </datafield>
  <datafield tag="999" ind1=" " ind2=" ">
    <subfield code="c">44393</subfield>
    <subfield code="d">44393</subfield>
  </datafield>
</record>
